000 00822cam a2200289 4500
008 090401t1994 xxu||||| |||| 00| 0 eng d
020 _a0854066381
035 _a(Sirsi) u59997
041 _aeng
050 _a630.026
090 _a630.026
090 _aRICS 1994/6ABCD
110 _aRoyal Institution of Chartered Surveyors
_94900
245 _aProceedings of the County farms Conference, Monday 24 January 1994. Part I.
260 _aLondon
_bRICS
_c1994
300 _a48p. ; 30cm.
350 _a7.5
520 _aContains brief summaries of county councils` county farms policies.
650 _aCOUNTY COUNCILS
650 _aCOUNTY FARMS CONFERENCE
650 _aCOUNTY FARMS
650 _aFARM LAND
650 _aSMALLHOLDINGS
690 _aRURAL PRACTICE
942 _n0
948 _c04/03/1997
999 _c94190
_d94190